| 000 | 00469nam a22001697a 4500 | ||
|---|---|---|---|
| 003 | NUST - PNEC | ||
| 005 | 20170116180808.0 | ||
| 008 | 150423b xxu||||| |||| 00| 0 eng d | ||
| 040 | _cLIBRARY | ||
| 082 | _a297.261 THA | ||
| 100 |
_93158 _aThanvi, Ashraf Ali |
||
| 245 |
_a Khutbat -ul- ahkam _cHazrat Maulana Ashraf Ali Thanvi |
||
| 260 |
_aLahore: _bIslami Kutabkhana, |
||
| 300 |
_a256 p. : _c22 cm. |
||
| 650 |
_93159 _aIslam, Khutbat _xGeneral |
||
| 942 |
_2ddc _cBK |
||
| 999 |
_c63276 _d63276 |
||